| 000 | 00917nam a22003730a 4500 | ||
|---|---|---|---|
| 001 | PT51808 | ||
| 003 | AR-LpoUNG | ||
| 005 | 20210131231442.0 | ||
| 008 | 191001s1968||||ag |||||||||||||||||spa d | ||
| 040 |
_aAR-LpoUNG _bspa _cAR-LpoUNG _eaacr |
||
| 041 | _aspa | ||
| 044 | _aag | ||
| 082 | 0 | _a982.03 429aut | |
| 100 | 1 | _aBelgrano, Manuel | |
| 245 | 1 | 0 | _aAutobiografía de Manuel Belgrano |
| 260 |
_aBuenos Aires : _bCarlos Pérez, _c1968. |
||
| 300 |
_a101 p. : _bgráfs., tbls. |
||
| 650 | 4 | _aANALISIS HISTORICO | |
| 650 | 4 | _aARGENTINA | |
| 650 | 4 | _aBIOGRAFIAS | |
| 650 | 4 | _aFUNCION PUBLICA | |
| 650 | 4 | _aFUNCIONARIOS | |
| 650 | 4 | _aGUERRA | |
| 650 | 4 | _aHISTORIA | |
| 650 | 4 | _aHISTORIA POLITICA | |
| 650 | 4 | _aINTELECTUALES | |
| 650 | 4 | _aPARAGUAY | |
| 650 | 4 | _aPERSONAL MILITAR | |
| 650 | 4 | _aPOLITICOS | |
| 650 | 4 | _aREVOLUCION | |
| 651 | 4 | _aArgentina | |
| 905 | _a51808 | ||
| 942 | _cLIB | ||
| 999 |
_c10110 _d10110 |
||